000 00712nmm a2200277 a 4500
003 AR-Y00000XR
005 20251128211928.0
008 237020s2002 ||||||||||||||000 | spa||
020 _a85-03-00704-5
040 _cAR-Y00000XR
100 1 _aBarbosa, Francisco de Assis
245 1 0 _aA vida de Lima Barreto
_b[1881-1922]
250 _a8ª ed.
260 _aRio de Janeiro
_bJosé Olympio editora
_c2002
300 0 _a458 p.
600 0 4 _aLima Barreto
_d1881-1922
650 4 _aESCRITORES
650 4 _aPERIODISTAS
650 4 _aCRITICA LITERARIA
650 4 _aBIOGRAFIAS
651 4 _aBrasil
653 0 _aPERIODISMO LITERARIO
655 _aBIOGRAFIAS
942 _cBK
998 _cme-solo cat
999 _c21653
_d21653